Регионална библиотека "Любен Каравелов" - Русе

Влакове (Запис номер 89699)

MARC детайли
000 -Лидер
Контролно поле с фиксирана дължина 02101nam a2200409 c 4500
003 - Код на организацията, давaща контролен номер
Контролно поле BLK
005 - Дата и час на последна редакция
Контролно поле 20241109134601.0
008 - Елементи от данни с фиксирана дължина
fixed length control field 180408b bul|||||r ||||||| ||bul||
010 ## - Наследен системен номер
LC control number KNG00094400000
020 ## - Международен стандартен номер на книга ISBN
Международен стандартен номер на книга ISBN 978-954-431-389-0
-- издат.: Златното пате
040 ## - Източник на каталожния запис
Идентификатор на билиотеката - собственик на записа BLK
041 ## - Код за език
Код за езика на текст/звукозапис или на отделно заглавие Български
Код за езика КДБФ Български
080 ## - УДК
Текстов определител УДК Тяга на влаковете. Подвижен състав. Локомотиви. Вагони. Вж и 625.1/.5; 656.2/.4
УДК код - определител по УДК 629.4
УДК определител (02.053.2)
УДК - код + определител 629.4(02.053.2)
080 ## - УДК
Текстов определител УДК Експлоатация на железопътния транспорт (Вж и 625.1 ; 629.4)
УДК код - определител по УДК 656.2
УДК определител (02.053.2)
УДК - код + определител 656.2(02.053.2)
139 ## - Редно поле
Редна дума Черненко, Генадий Трофимович
Авторски знак Черн - Ч 70
245 10 - Сведения за заглавието
Заглавие Влакове
Подзаглавни данни В помощ на ученика
Редно поле (дума) текст Генадий Трофимович Черненко; прев. от рус. Александър Качин; ил. Татяна Владимировна Канивец.
257 ## - Страна на издаване
Страна на създаване/издаване Русия
260 ## - Област на издателските данни
-- София
Име на издателя, разпространителя и проч. Златното пате
Година на издаване 2008
Печатница София : Образование и наука
300 ## - Физическа характеристика
Страници 96 с.
Илюстрации и др. с цв. ил.
Размери/Мащаб 25 см
380 ## - Жанр
Жанр Детска отраслова лит.
490 1# - СЕРИИ (Колекции)
Име на серия Поредица Опознай света
№: серия Кн. 6
500 ## - Общи забележки
Забележка Без сведение за ориг. загл. - Авт. отбелязан в библиогр. каре.
650 #4 - Допълнително описание по предмет – тема
Основно описание – тема или топоним Влакове
9 (RLIN) 150914
650 #4 - Допълнително описание по предмет – тема
Основно описание – тема или топоним Транспорт, железопътен
9 (RLIN) 279351
653 ## - Ключова дума – ненормативна
Ключова дума влакове
653 ## - Ключова дума – ненормативна
Ключова дума железопътен транспорт
653 ## - Ключова дума – ненормативна
Ключова дума детска литература
700 1# - Други автори (авторска отговорност)
Лично име Черненко, Генадий Трофимович
Автороска отговорност (Описва отношението между автора и произведението) текст
9 (RLIN) 303040
700 1# - Други автори (авторска отговорност)
Лично име Качин, Александър
Автороска отговорност (Описва отношението между автора и произведението) прев. от рус.
9 (RLIN) 365705
700 1# - Други автори (авторска отговорност)
Лично име Канивец, Татяна Владимировна
Автороска отговорност (Описва отношението между автора и произведението) ил.
9 (RLIN) 76010
852 ## - Местоположение
Форматна сигнатура Цб 247241
856 4# - Електронен адрес и достъп
Електронен формат pdf - файл
Път до файла /url/
856 4# - Електронен адрес и достъп
Електронен формат pdf - файл
Път до файла /url/
942 ## - АРТИКУЛИ
Вид на библиотечния материал Книги
Скрит в OPAC Не
Koha issues (borrowed), all copies 19
944 ## - СЪЗДАВАНЕ И РЕДАКЦИЯ на ЗАПИСА
Създаване/Редакция Създаване
Дата на регистрацията/редакция 16.02.2010
Статус, дата на статуса Радостина Карадакова
Служител, извършил регистрацията/редакцията 30534
944 ## - СЪЗДАВАНЕ И РЕДАКЦИЯ на ЗАПИСА
Създаване/Редакция Редакция
Дата на регистрацията/редакция 22.02.2016
Статус, дата на статуса ф /
Служител, извършил регистрацията/редакцията Людмила_Стоянова
999 ## - СИСТЕМНИ КОНТРОЛНИ НОМЕРА
Koha biblionumber 89699
Koha biblioitemnumber 89699
Наличности
Код за отписване Код за изгубен артикул Код за повреда Коз за рестрикции Код за отдаване Артикулен № Име на библиотеката - собственик Име на библиотеката, в която се намира в момента Статус (Текущо местоположение) Дата на вписване в системата Местоположение - отдел Цена в лева Инвентарен номер Систематично азбучна сигнатура Баркод Номер на екземпляра Цена в евро Служебна бележка Служебен тип на артикула
  Не е изгубен Не е повреден без рестрикции ползва се в читалня 145210 Регионална библиотека "Любен Каравелов" Русе Регионална библиотека "Любен Каравелов" Русе Хранилище 2010-02-16 Хранилище 9.99 120000742254 Цб 247241 120000742254 1 5.11 Дост: Dp Вид: Д N: 34 Дата: 12.08.2009 Книги
  Не е изгубен Не е повреден без рестрикции заемане за дома 145211 Регионална библиотека "Любен Каравелов" Русе Регионална библиотека "Любен Каравелов" Русе Детски отдел 2016-02-19 Детски отдел 9.99 120000798096 ДН 629/Ч 70 120000798096 2 5.11 Дост: Pk Вид: Ф N: 456 Дата: 19.02.2016 Книги
Vip Innovations Ltd, Rousse, Bulgaria 2025